书目信息 |
| 书名: | Teaching secondary English | |
| 作者: | Rod Ellis, Brian Tomlinson. | |
| 分册号: | ||
| 分册名: | 出版地: | London : |
|
| 出版社: | Longman | |
| 出版时间: | 1980. | |
| 页数: | v, 330 p. : | |
| 开本: | 21 cm. | |
| 丛书名: | ||
| 中图分类号: | ||
| 科图分类号: | ||
| 其他分类号: | H319-62 | |
| 主题词: | ||
| 电子资源: | ||
| 000 | 00705cam 2200217 a 4500 | |
| 001 | E0751520015 | |
| 005 | 20070225142053.56 | |
| 008 | 820420s1980 enka b 1 eng c | |
| 010 | @a39545606 | |
| 020 | @a0582601703. | |
| 050 | 4 | @aPE1128.A2@bE44 |
| 090 | @aJ680.33/W50 | |
| 090 | @aH319-62 | |
| 099 | @dH319-62@ex8 | |
| 100 | 1 | @aEllis, Rod. |
| 245 | 10 | @aTeaching secondary English :@ba guide to the teaching of English as a second language / @cRod Ellis, Brian Tomlinson. |
| 260 | @aLondon :@bLongman,@c1980. | |
| 300 | @av, 330 p. :@bill. ;@c21 cm. | |
| 650 | 0 | @aEnglish language@xStudy and teaching (Secondary)@xForeign speakers |
| 700 | 1 | @aTomlinson, Brian. |
| 920 | @a232010@z2 | |
| Teaching secondary English : : a guide to the teaching of English as a second language / / Rod Ellis, Brian Tomlinson.-London : : Longman, , 1980. |
| v, 330 p. : : ill. ; ; 21 cm. |
| ISBN 0582601703. |
| ● |
| 相关链接 |
|
|
|
|
正题名:Teaching secondary English
索取号:H319-62/x8
 
预约/预借
| 序号 | 登录号 | 条形码 | 馆藏地/架位号 | 状态 | 备注 |
| 1 | 182648 | 001200408 | 第二样本阅览室/ [索取号:H319-62/x8] | 在馆 | |
| 2 | 182649 | 001200346 | 第四借阅区/ [索取号:H319-62/x8] | 在馆 | |
| 3 | 182650 | 001200364 | 第四借阅区/ [索取号:H319-62/x8] | 在馆 |